000 00467nam a2200145Ia 4500
008 100204s9999 xx 000 0 und d
082 _b10332
100 _aरायकर प्रतिभा
245 _aटीना - मीना
260 _b"बांदोडकर पब्लिशिंग हाऊस, गोवा"
_c1988
300 _a210
630 _aटीना - मीना
730 _aटीना - मीना
942 _cBOOK
999 _c454768
_d454765